000 00579nam a2200193 4500
001 113603
003 ES-MaACL
005 20250809063514.0
007 t|
008 061121s1948 sp r ||||1| spa d
100 1 _aPalau, José,
_d1903-1985
_988489
245 1 0 _aMendelssohn /
_cpor José Palau.
260 _aBarcelona :
_bSeix Barral,
_c1948.
300 _a69 p. :
_bil. ;
_c17 cm.
490 1 _aEstudio de conocimientos generales
830 0 _aEstudio de conocimientos generales
_9182396
852 _aES-MaACL
_j1747-F-6
_bR.26436
999 _c113603
_d113603